000 00269nam a2200121Ia 4500
008 190216s9999||||xx |||||||||||||| ||und||
100 _aChellappan K P
245 0 _aTaxonomy Of Angiosperms
260 _bMaruti Books
300 _a239p
650 _aBotany
942 _cBK
999 _c1178
_d1178